[Event "Titled Tuesday intern op 23rd May Early"]
[Site "Chess.com INT"]
[Date "2023.05.23"]
[Round "8"]
[White "Narayanan, Srinath"]
[Black "Demchenko, Anton"]
[Result "0-1"]
[WhiteElo "2559"]
[BlackElo "2623"]
[PlyCount "124"]
[EventDate "2023.05.23"]
[EventType "swiss (blitz)"]
[EventRounds "11"]
[EventCountry "USA"]
[SourceTitle "CBM 214 Extra"]
[Source "ChessBase"]
[SourceDate "2023.07.31"]
[SourceVersion "1"]
[SourceVersionDate "2023.07.31"]
[SourceQuality "1"]

1. Nf3 Nf6 2. c4 d6 3. d4 Nc6 4. g3 e5 5. dxe5 dxe5 6. Qxd8+ Kxd8 7. Bg2 Be6 8. Ng5 Bxc4 9. Nd2 Be6 10. Nxe6+ fxe6 11. Bxc6 bxc6 12. Nc4 Bd6 13. b3 a5 14. Bb2 e4 15. 0-0-0 Ke7 16. Kc2 a4 17. f3 Rhb8 18. g4 Rb5 19. h4 axb3+ 20. axb3 Rab8 21. g5 Nh5 22. fxe4 Rxb3 23. Bc3 Ng3 24. Rh3 Rxc3+ 25. Kxc3 Nxe4+ 26. Kc2 Nf2 27. Rxd6 cxd6 28. Ra3 Rb7 29. Ra6 Rc7 30. Nb6 Ne4 31. Na8 Rb7 32. Rxc6 Kd7 33. Rb6 Rxb6 34. Nxb6+ Kc6 35. Nc8 Kc7 36. Na7 g6 37. Kd3 Ng3 38. e4 Nh5 39. Nb5+ Kd7 40. Ke3 e5 41. Nc3 Nf4 42. Kf3 Ke6 43. Nb5 d5 44. Nc7+ Kd6 45. Ne8+ Kc5 46. Nf6 d4 47. Nxh7 Kc4 48. Nf6 Kc3 49. h5 d3 50. Ng4 gxh5 51. Nf2 d2 52. Kg3 Kc2 53. Kh4 d1Q 54. Nxd1 Kxd1 55. g6 Nxg6+ 56. Kxh5 Ne7 57. Kg5 Ke2 58. Kf6 Nc6 59. Ke6 Kd3 60. Kd5 Ke3 61. Kxc6 Kxe4 62. Kc5 Kd3 0-1